=LDR 00000nam 2200000 4500 =001 NUTBA000000000001587 =005 20221006074233 =035 ##$$a 0010-051400000000052 =008 221006################g##########0#ind## =020 ##$$a 978-979-24-3819-2 =082 ##$$a 332.024 =100 ##$$a Goodman, Jordan E =245 1#$$a Master your money type : $b Menggunakan kepribadian keuangan anda untuk menciptakan kekayaan dan kebebasan /$c Jordan E Goodman Penerjemah, Maria Renny =250 ##$$a cet.1 =260 ##$$a Yogyakarta :$b B.First,$c 2007 =300 ##$$a xi, 361 hlm ; $c 23 x 15 cm =084 ##$$a 332.024 GOO m =650 #4$$a Keuangan pribadi =700 #$$a Maria Renny =990 ##$$a 21002134 =990 ##$$a 21002132 =990 ##$$a 21002133 =990 ##$$a 21002135